| 000 | 01231aam a2200337 i 4500 | ||
|---|---|---|---|
| 001 | 768714001 | ||
| 003 | CO-MdFUSB | ||
| 005 | 20230223103531.0 | ||
| 007 | ta | ||
| 008 | 230223t1998 ck |||| |||| 00| 0 spa d | ||
| 020 | _a1576976726 | ||
| 040 |
_bspa. _aCO-MdFUSB _cCO-MdFUSB _dCO-MdFUSBC _erda |
||
| 041 |
_aspa _heng |
||
| 082 | 0 | 4 |
_a302.2 _223 _bN664s |
| 100 | 1 |
_aNida, Eugenio A. (Albert) _eautor |
|
| 240 | _aMeaning across cultures | ||
| 245 | 1 | 0 |
_aSignificado y diversidad cultural _c/ Eugene A. Nida , William D. Reyburn ; traducido por Manuel Picado |
| 264 | 1 |
_aColombia : _bSociedades Bíblicas Unidas, _c[1998] |
|
| 264 | 4 | _c© 1998 | |
| 300 |
_a149 páginas _c; 20 cm |
||
| 336 |
_atexto _btxt _2rdacontent |
||
| 337 |
_2rdamedia _asin mediación _bn |
||
| 338 |
_2rdacarrier _avolumen _bnc |
||
| 505 | _aQué significa comunicar. -- Traducir es comunicar. -- La forma del mensaje. -- El contenido del mensaje. -- El descubrimiento y análisis de problemas. -- Suministro de información complementaria. | ||
| 563 | _aRústico | ||
| 650 | 7 |
_aCultura _2sears _93 |
|
| 700 |
_97864 _aReyburn, William David. _eautor |
||
| 700 |
_97865 _aPicado, Manuel, _etraductor |
||
| 942 | _cBK | ||
| 945 | _aJTF-925 | ||
| 999 |
_c32039 _d32039 |
||